Dějiny ruské sovětské literatury Část čtvrtá

Bibliographic Details
Format: Book
Language:Undetermined
Published: Praha Státní naklad.krás.lit. a umění 1965

MARC

LEADER 00000nam a2200000 a 4500
001 vtls001285669
003 SK-MaSNL
005 20260223171701.0
008 210928s1965 xx 0 und
035 |a SNK000237198 
040 |a SNK  |b slo  |c SNK  |e AACR2 
245 1 |a Dějiny ruské sovětské literatury  |b Část čtvrtá 
260 |a Praha  |b Státní naklad.krás.lit. a umění  |c 1965 
300 |a 673 s. 
958 |a OND 
999 |c 628413  |d 630343 
952 |a SNK  |b SNK  |y VYP  |7 0  |p 17A0065866  |o snkIC 37990/4 D2  |i snkK 387/66  |8 3  |0 0  |1 0  |4 0  |d 1997-05-05  |l 0  |r 2005-01-02 00:00:00  |w 2026-02-23